| 000 | 00727nam a22002417a 4500 | ||
|---|---|---|---|
| 003 | UA-OsUOA | ||
| 001 | 80195 | ||
| 007 | ta | ||
| 008 | 20111130b un ||||| |||| 00| 0 ukr d | ||
| 100 | _aСагач Г.М. | ||
| 090 |
_a808.5 _bС13 |
||
| 942 | _cBK | ||
| 040 |
_aUA-OsUOA _bukr _cUA-OsUOA _dUA-OsUOA |
||
| 245 |
_aДілова риторика: мистецтво риторичної комунікації _bнавч. посібник |
||
| 300 | _a255 с. | ||
| 955 | _a2 | ||
| 041 | _aukr | ||
| 080 | _a808.5 | ||
| 020 | _a966-8103-06-8 | ||
| 260 |
_aК. _bЗоря _c2003 |
||
| 650 | 7 |
_a80 Загальні питання лінгвістики, літератури. Філологія _2UDC |
|
| 999 |
_c366517 _d366517 |
||